[Event "Dos Hermanas"]
[Site "Dos Hermanas"]
[Date "1991.??.??"]
[Round "?"]
[White "Goldin, Alexander"]
[Black "Hidalgo Mateos, Juan Jose"]
[Result "1-0"]
[WhiteElo "2565"]
[BlackElo "2220"]

1.d4 d6 2.Nf3 Nf6 3.g3 g6 4.Bg2 Bg7 5.O-O O-O 6.c4 Nbd7 7.Nc3 e5 8.e4 Re8
9.h3 exd4 10.Nxd4 Nc5 11.Re1 a5 12.Rb1 c6 13.b3 Nfd7 14.Be3 Nf6 15.Qc2 Qc7
16.Rbd1 Bd7 17.a3 Rad8 18.b4 Ne6 19.Nb3 b6 20.Re2 Bc8 21.Red2 Bf8 22.Na4 c5
23.b5 Bb7 24.Nc3 h6 25.Re2 Ng5 26.Nd2 Qc8 27.Kh2 Bg7 28.Nd5 Nd7 29.f4 Nh7
30.Ree1 Nhf6 31.Bf2 g5 32.Bf3 Qb8 33.Be3 Nh7 34.Bg4 Bc8 35.Bf2 Nhf6 36.Bf5 Nf8
37.Bxc8 Rxc8 38.Nf3 Ne6 39.Qd2 g4 40.Nxf6+ Bxf6 41.hxg4  1-0

[Event "Dos Hermanas"]
[Site "Dos Hermanas"]
[Date "1991.??.??"]
[Round "?"]
[White "Goldin, Alexander"]
[Black "Rodriguez Talavera, Juan Carlos"]
[Result "1-0"]
[WhiteElo "2565"]
[BlackElo "2365"]

1.d4 Nf6 2.c4 e6 3.Nf3 d5 4.Nc3 Be7 5.Bg5 O-O 6.e3 Nbd7 7.Rc1 c6 8.a3 h6
9.Bf4 Nh5 10.Be5 Nxe5 11.dxe5 g6 12.Qc2 b6 13.Be2 Ba6 14.Nd4 Bxc4 15.Nxc6 Qc7
16.Nxe7+ Qxe7 17.Bxc4 dxc4 18.Ne4 b5 19.g4 Ng7 20.Nf6+ Kh8 21.Qe4 Qd8 22.Qf4 g5
23.Qe4 Qd3 24.Qxd3 cxd3 25.h4 Rac8 26.Rxc8 Rxc8 27.Kd2 gxh4 28.Rxh4 h5 29.Kxd3 Rc1
30.e4 Rc8 31.f4 a5 32.Rh2 Rd8+ 33.Ke3 a4 34.Rc2 Ne8 35.Nxh5 Rb8 36.f5  1-0

[Event "Dos Hermanas"]
[Site "Dos Hermanas"]
[Date "1991.??.??"]
[Round "?"]
[White "Goldin, Alexander"]
[Black "Sanz Alonso, Francisco Javier"]
[Result "1-0"]
[WhiteElo "2565"]
[BlackElo "2415"]

1.d4 f5 2.c4 c6 3.Nf3 g6 4.Nc3 Bg7 5.e4 fxe4 6.Nxe4 d5 7.Nc3 Nf6 8.Qb3 O-O
9.Be2 e6 10.O-O Nbd7 11.Re1 Nb6 12.Bg5 dxc4 13.Bxc4 Nbd5 14.Ne4 Qc7 15.Qa3 Ng4
16.h3 Nh6 17.Nc5 Nf5 18.Rad1 h6 19.Bc1 Qe7 20.Nxe6 Qxa3 21.bxa3 Bxe6 22.Rxe6 Kh7
23.Bxd5 cxd5 24.g4 Ng3 25.Kg2 Ne4 26.Re7 Rac8 27.Rxb7 Rc3 28.Be3 Rxa3 29.Rc1 Nd6
30.Re7 Nc4 31.Rc2 Kg8 32.Nd2 Nxe3+ 33.fxe3 Bf6 34.Re6 Kf7 35.Rcc6 Bg5 36.Nf3 Bxe3
37.Ne5+ Kg7 38.Re7+ Kg8 39.Rxg6+ Kh8 40.Nf7+ Kh7 41.Rf6 Rb8 42.Nd8+  1-0

[Event "Dos Hermanas"]
[Site "Dos Hermanas"]
[Date "1991.??.??"]
[Round "?"]
[White "Montecatine, Ricardo"]
[Black "Goldin, Alexander"]
[Result "0-1"]
[WhiteElo "2320"]
[BlackElo "2565"]

1.d4 Nf6 2.c4 d6 3.Nc3 Nbd7 4.Nf3 c6 5.e4 e5 6.Be2 Be7 7.O-O O-O 8.b3 Re8
9.Bb2 Bf8 10.Qc2 Qc7 11.Rad1 a6 12.a4 a5 13.Ba3 exd4 14.Nxd4 Nc5 15.Bf3 Qb6
16.Rfe1 g6 17.Bc1 Ng4 18.Bxg4 Bxg4 19.f3 Bd7 20.Kh1 Bg7 21.Bf4 Be5 22.Nce2 Rac8
23.Rd2 f5 24.Bg3 fxe4  0-1

[Event "Dos Hermanas"]
[Site "Dos Hermanas"]
[Date "1991.??.??"]
[Round "?"]
[White "Garcia, Alb"]
[Black "Goldin, Alexander"]
[Result "0-1"]
[WhiteElo "2270"]
[BlackElo "2565"]

1.Nf3 d6 2.d4 Bg4 3.e3 Nd7 4.h3 Bh5 5.c4 Ngf6 6.Nc3 e5 7.Be2 Be7 8.O-O c6
9.b3 O-O 10.Ba3 e4 11.Nd2 Bg6 12.b4 Re8 13.b5 c5 14.Nb3 Qc7 15.Rc1 a6 16.Bb2 axb5
17.Nxb5 Qb8 18.a3 Rc8 19.f4 exf3 20.Bxf3 Re8 21.Rf2 Bf8 22.Qd2 Ne4 23.Bxe4 Rxe4
24.Rcf1 Nb6 25.Qc1 Qc8 26.Nd2 Rxe3 27.Nf3 Re8 28.Nh4 Bd3 29.Nf5 Bxf5 30.Rxf5 f6
31.d5 Qd7 32.Qf4 Ra4 33.Qg3 Kh8 34.Bxf6 gxf6 35.Rxf6 Qg7 36.Qc3 Be7 37.Re1 Qxf6
38.Qxf6+ Bxf6 39.Rxe8+ Kg7 40.Nxd6 Nxc4 41.Nf5+ Kf7 42.Rb8 b6 43.d6 Rxa3  0-1

[Event "USA-op Los Angeles"]
[Site "Los Angeles"]
[Date "1991.??.??"]
[Round "?"]
[White "Kudrin, Sergey"]
[Black "Goldin, Alexander"]
[Result "1-0"]
[WhiteElo "2530"]
[BlackElo "2570"]

1.e4 c5 2.Nf3 Nc6 3.d4 cxd4 4.Nxd4 Nf6 5.Nc3 d6 6.g3 Bg4 7.f3 Bd7 8.Be3 a6
9.Qd2 e6 10.g4 Nxd4 11.Bxd4 Bc6 12.g5 Nd7 13.O-O-O b5 14.h4 b4 15.Ne2 Ne5
16.Rh3 Qa5 17.Kb1 Nc4 18.Qe1 e5 19.Bg1 Bd7 20.Rh2 Be6 21.Nc1 Be7 22.f4 exf4
23.Bxc4 Bxc4 24.Bd4 O-O 25.b3 Be6 26.Nd3 Bg4 27.Rdd2 d5 28.e5 Be6 29.Nxf4 Bc5
30.h5 Rfe8 31.Qf2 Bxd4 32.Qxd4 Rac8 33.h6 g6 34.Nxd5 Qd8 35.Nxb4 Qxg5 36.Nxa6 Bf5
37.e6 f6 38.Qd7  1-0

[Event "USA-op Los Angeles"]
[Site "Los Angeles"]
[Date "1991.??.??"]
[Round "?"]
[White "Browne, Walter S"]
[Black "Goldin, Alexander"]
[Result "0-1"]
[WhiteElo "2525"]
[BlackElo "2570"]

1.d4 Nf6 2.c4 e6 3.Nf3 Bb4+ 4.Nbd2 d6 5.g3 O-O 6.Bg2 Qe7 7.O-O Bxd2 8.Qxd2 e5
9.b3 Re8 10.dxe5 dxe5 11.Bb2 Nc6 12.Rad1 h6 13.Qe3 a5 14.a3 Bf5 15.Nh4 Bh7
16.Rd2 Nd4 17.Bxd4 exd4 18.Qxe7 Rxe7 19.Rxd4 g5 20.Nf3 Rxe2 21.h4 Rb2 22.hxg5 hxg5
23.Nxg5 Rxb3 24.Rf4 Ra6 25.Re1 Bg6 26.c5 Kg7 27.a4 Kh6 28.Rh4+ Nh5 29.Bd5 Rb4
30.Nxf7+ Bxf7 31.Bxf7 Rxh4 32.gxh4 Nf6 33.Rb1 Rc6 34.Rxb7 Rxc5 35.Rb2 Ng4
36.Be8  0-1

[Event "USA-op Los Angeles"]
[Site "Los Angeles"]
[Date "1991.??.??"]
[Round "?"]
[White "Goldin, Alexander"]
[Black "Duckworth, William  Mark"]
[Result "1-0"]
[WhiteElo "2570"]
[BlackElo "2300"]

1.Nf3 Nf6 2.g3 d5 3.Bg2 e6 4.c4 Be7 5.d4 O-O 6.Qc2 dxc4 7.Qxc4 Nbd7 8.O-O c5
9.Rd1 cxd4 10.Nxd4 Qb6 11.Nc3 a6 12.Nb3 Ne5 13.Qd4 Qxd4 14.Rxd4 Nc6 15.Bxc6 bxc6
16.Rc4 Bd7 17.Be3 Rfc8 18.Na4 Nd5 19.Bc5 Bd8 20.e4 Nf6 21.f3 e5 22.Bd6 Be6
23.Rc3 Nd7 24.Kg2 f6 25.Rac1 Nb6 26.Nac5 Bf7 27.a3 a5 28.Nd2 Ra7 29.R1c2 h5
30.Kf1 Rca8 31.Rd3 Kh7 32.Ke2 Kg6 33.b3 Bg8 34.Ke3 Kf7 35.a4 Ke8 36.f4 exf4+
37.gxf4 Nc8 38.f5 Nxd6 39.Rxd6 Rc8 40.Ne6 Bxe6 41.Rxe6+ Kd7 42.Nc4 Kc7 43.Nxa5 Kd7
44.Rd2+ Kc7 45.Rxc6+ Kb8 46.Rxc8+  1-0

[Event "USA-op Los Angeles"]
[Site "Los Angeles"]
[Date "1991.??.??"]
[Round "?"]
[White "Goldin, Alexander"]
[Black "Brooks, Michael A"]
[Result "1-0"]
[WhiteElo "2570"]
[BlackElo "2455"]

1.d4 Nf6 2.c4 g6 3.g3 Bg7 4.Bg2 O-O 5.Nc3 d6 6.Nf3 Nbd7 7.O-O e5 8.e4 c6
9.b3 Re8 10.Re1 a5 11.h3 exd4 12.Nxd4 Nc5 13.Rb1 Nfd7 14.Be3 Ne5 15.Re2 f5
16.exf5 Bxf5 17.Nxf5 gxf5 18.Rd2 Nf7 19.Qc2 Ne6 20.Ne2 Qf6 21.Rbd1 a4 22.b4 a3
23.h4 Bf8 24.Bh3 Ng7 25.Nd4 Ne5 26.Kg2 Qf7 27.Nxf5 Qxc4 28.Nh6+ Kh8 29.Qb1 c5
30.bxc5 dxc5 31.Qxb7 Rab8 32.Qd5 Qxd5+ 33.Rxd5 Nc4 34.Bf4 Rb2 35.Rd8 Rbe2
36.Rxe8 Rxe8 37.Bd7 Ra8 38.Bc6 Rc8 39.Bd5 Nb6 40.Nf7+ Kg8 41.Nd6+ Nxd5 42.Nxc8 Nb4
43.Bc1 Nxa2 44.Bxa3 Ne6 45.Nb6 Nc3 46.Rd7 Nb5 47.Bb2 Bg7 48.Bxg7 Nxg7 49.Nd5 Ne6
50.Nf6+ Kf8 51.Nxh7+ Ke8 52.Nf6+ Kf8 53.h5  1-0

[Event "USA-op Los Angeles"]
[Site "Los Angeles"]
[Date "1991.??.??"]
[Round "?"]
[White "Goldin, Alexander"]
[Black "Akopian, Vladimir"]
[Result "0-1"]
[WhiteElo "2570"]
[BlackElo "2590"]

1.d4 e6 2.c4 d5 3.Nf3 c6 4.Qc2 Nf6 5.Nbd2 Nbd7 6.g3 Be7 7.Bg2 O-O 8.O-O b6
9.e4 dxe4 10.Nxe4 Nxe4 11.Qxe4 Bb7 12.Rd1 Qc8 13.Bf4 c5 14.d5 Re8 15.Qc2 exd5
16.cxd5 Bf6 17.Rd2 Nf8 18.Rad1 h6 19.Qa4 Ng6 20.Be3 Qf5 21.Qb5 Be7 22.a4 Rab8
23.a5 Ba8 24.axb6 axb6 25.Ne1 Bd6 26.Nc2 h5 27.Na3 Ne5 28.Bf4 h4 29.Bxe5 Qxe5
30.Nc4 Qf6 31.Qd7 Red8 32.Qg4 hxg3 33.hxg3 b5 34.Na5 Re8 35.Nc6 Rbc8 36.Ra1 c4
37.Rad1 Bc5 38.Qf3 Qd6 39.b3 cxb3 40.Qxb3 b4 41.Qc4 Bb7 42.Qb5 Rc7 43.Qc4 Ra8
44.Rd3 Ba6 45.Qa2 Rcc8 46.Qb3 Bxd3 47.Qxd3 Ra2 48.Rd2 Rxd2  0-1

[Event "USA-op Los Angeles"]
[Site "Los Angeles"]
[Date "1991.??.??"]
[Round "?"]
[White "Bolbochan, Julio"]
[Black "Goldin, Alexander"]
[Result "1/2-1/2"]
[WhiteElo "2475"]
[BlackElo "2570"]

1.Nf3 f5 2.g3 g6 3.Bg2 Bg7 4.d4 Nf6 5.O-O O-O 6.c4 d6 7.Nc3 Qe8 8.d5 Na6
9.Be3 h6 10.Bd4 c5 11.Bxf6 Bxf6 12.e3 Nc7 13.a4 Qf7 14.Qd3 Qg7 15.Nd2 Bd7
16.f4 Na6 17.Ra3 Nb4 18.Qb1 Rae8 19.Rb3 a6 20.Kh1 Kh8 21.Ra3 e5 22.dxe6 Bxe6
23.Nd5 Bxb2 24.Rb3 Bf6 25.Nxb4 cxb4 26.Rxb4 b5 27.cxb5 Bc3 28.Nf3 Bxb4 29.Qxb4 axb5
30.axb5 Bd5 31.Qxd6 Bxf3 32.Bxf3 Rxe3 33.b6 Rfe8 34.b7 Rxf3 35.Rxf3 Qxb7
36.Qd3 Kh7 37.Kg2 Qe4  1/2-1/2

[Event "New York op"]
[Site "New York"]
[Date "1991.??.??"]
[Round "3"]
[White "Goldin, Alexander"]
[Black "Ehlvest, Jaan"]
[Result "1/2-1/2"]
[WhiteElo "2565"]
[BlackElo "2650"]

1.d4 d5 2.c4 dxc4 3.Nf3 Nf6 4.e3 e6 5.Bxc4 c5 6.O-O a6 7.Bd3 Nbd7 8.Qe2 b6
9.Rd1 Bb7 10.e4 cxd4 11.Nxd4 Bd6 12.Nc3 O-O 13.f4 Bc5 14.Be3 e5 15.Nb3 Bxe3+
16.Qxe3 exf4 17.Qxf4 Qb8 18.Qxb8 Raxb8 19.Bf1 Rfd8 20.Rd6 Kf8 21.Rad1 Ke7
22.a4 Rbc8 23.Be2 Ra8 24.R6d4 Ne5 25.a5 Rxd4 26.Rxd4 Nc6 27.Ra4 b5 28.Ra1 Rd8
29.Nc5 Bc8 30.Bf3 Rd2 31.e5 Nd7 32.N5e4 Rxb2 33.Nd6 Ncxe5 34.Nxc8+ Kd8 35.Nd6 Nxf3+
36.gxf3 Ne5 37.Rf1 Ke7 38.Nf5+ Kf6 39.Nd4 Nc4 40.f4 Ke7 41.Rd1 g6 42.Ne4 Nxa5
43.Nc5 Nc4 44.Nxa6 Kf6 45.Nc5 h6 46.Re1 Nd6 47.Nd7+ Kg7 48.Re7 b4 49.Ne6+ Kh8
50.Nf6 Rb1+ 51.Kf2 Rb2+  1/2-1/2

[Event "New York op"]
[Site "New York"]
[Date "1991.??.??"]
[Round "4"]
[White "Ritter, Mark"]
[Black "Goldin, Alexander"]
[Result "0-1"]
[WhiteElo "2260"]
[BlackElo "2565"]

1.d4 f5 2.c4 Nf6 3.Nc3 e6 4.g3 d5 5.Bg2 c6 6.Nf3 Bd6 7.O-O O-O 8.Qc2 Ne4
9.Nd2 Nxd2 10.Bxd2 Nd7 11.a3 dxc4 12.e4 Nb6 13.exf5 exf5 14.d5 f4 15.Be4 cxd5
16.Nxd5 Bh3 17.Rfd1 fxg3 18.hxg3 Nxd5 19.Bxd5+ Kh8 20.Qxc4 Rc8 21.Qb3 Qf6
22.Be3 b6 23.Rd2 Be5 24.Re1 h5 25.f4 Bd6 26.Bf3 Qg6 27.Kf2 h4 28.Rg1 Rce8
29.Rd5 Rf5 30.g4 Rxd5 31.Qxd5 Bc5 32.Re1 Qc2+ 33.Kg1 Rxe3 34.Rxe3 Bxe3+ 35.Kh1 Qb1+
36.Bd1 Bxf4 37.Qh5+ Bh6 38.Kh2 Qxd1 39.Qe8+ Kh7 40.Qe4+ g6 41.Kxh3 Bg5 42.Qb7+ Kh6
43.Qa8 Qf1+  0-1

[Event "New York op"]
[Site "New York"]
[Date "1991.??.??"]
[Round "5"]
[White "Dreev, Alexey"]
[Black "Goldin, Alexander"]
[Result "1/2-1/2"]
[WhiteElo "2625"]
[BlackElo "2565"]

1.d4 Nf6 2.c4 e6 3.Nc3 Bb4 4.f3 d5 5.a3 Bxc3+ 6.bxc3 c5 7.cxd5 Nxd5 8.dxc5 Qa5
9.e4 Nf6 10.Be3 O-O 11.Qb3 Nfd7 12.Rd1 Qc7 13.Qc4 Na6 14.c6 bxc6 15.f4 Nb6
16.Qd4 c5 17.Qd6 Qb7 18.Kf2 Qxe4 19.Bd3 Qa4 20.Nf3  1/2-1/2

[Event "New York op"]
[Site "New York"]
[Date "1991.??.??"]
[Round "6"]
[White "Goldin, Alexander"]
[Black "Ivanov, Alexander"]
[Result "1-0"]
[WhiteElo "2565"]
[BlackElo "2525"]

1.d4 Nf6 2.c4 e6 3.Nf3 b6 4.g3 Ba6 5.Qa4 Bb7 6.Bg2 c5 7.dxc5 Bxc5 8.O-O O-O
9.Nc3 Be7 10.Rd1 Na6 11.Bf4 Nc5 12.Qc2 Qc8 13.Rac1 Nce4 14.Nd4 Nxc3 15.Qxc3 Rd8
16.Nb5 Bxg2 17.Kxg2 Ne8 18.Qf3 Qc6 19.b3 g5 20.Be3 g4 21.Qxc6 dxc6 22.Rxd8 Bxd8
23.Nd4 Rc8 24.h3 gxh3+ 25.Kxh3 Be7 26.Nf3 f6 27.g4 Ng7 28.Rd1 Rc7 29.Bh6 Ne8
30.e4 Nd6 31.e5 Ne4 32.Kg2 Nc3 33.Rd2 b5 34.Bf4 Rb7 35.Rc2 b4 36.Nd4 Rb6
37.Nxe6 Ra6 38.Rd2 Rxa2 39.Rd7 Kf7 40.Nc7 fxe5 41.Bg5 Rxf2+ 42.Kxf2 Ne4+
43.Ke3 Nxg5 44.Na6 Ne6 45.Rxa7 Nd4 46.Nxb4 Ke6 47.Nd3 Nxb3 48.Ra8 Bg5+ 49.Ke2 e4
50.Re8+ Be7 51.Nf2 Kf7 52.Ra8 Nc1+ 53.Kd2 Bg5+ 54.Kc2 e3 55.Nd3 Nxd3 56.Kxd3 Ke6
57.Rh8 h6 58.Rg8 Kd7 59.c5 Bf4 60.Ke2 Bg5 61.Kf3 Kc7 62.Rg7+ Kd8 63.Ra7 Kc8
64.Ra1 Kd7 65.Rd1+ Kc7 66.Ke4 Kc8 67.Rh1 Kc7 68.Ra1 Kc8 69.Ra2 Kd7 70.Ke5 Bh4
71.Re2 Bg5 72.Re1 Ke7 73.Rh1 Kd7 74.Kf5 Kc7 75.Ke6  1-0

[Event "Philadelphia World op"]
[Site "Philadelphia"]
[Date "1991.??.??"]
[Round "?"]
[White "Janjgava, Lasha"]
[Black "Goldin, Alexander"]
[Result "0-1"]
[WhiteElo "2490"]
[BlackElo "2570"]

1.d4 Nf6 2.c4 Nc6 3.Nf3 e6 4.Bg5 h6 5.Bxf6 Qxf6 6.Nc3 g5 7.e3 Bg7 8.Bd3 d6
9.O-O Bd7 10.a3 O-O 11.Rc1 Qd8 12.d5 Ne7 13.dxe6 fxe6 14.Bb1 Be8 15.Nd4 Qd7
16.Nce2 Bg6 17.Bxg6 Nxg6 18.c5 dxc5 19.Rxc5 b6 20.Rc6 Ne5 21.Rc2 c5 22.Nb3 Qa4
23.Nec1 Rad8 24.Qe2 g4 25.Rd1 h5 26.Rxd8 Rxd8 27.Rd2 Rd5 28.Rxd5 exd5 29.Qd1 Qc4
30.Nd2 Qb5 31.Qc2 Qd7 32.Ne2 Qf7 33.Ng3 c4 34.Nf5 Nd3 35.e4 b5 36.Nf1 dxe4
37.N1e3 Qf6 38.a4 a6 39.Ng3 Qxb2 40.Qxb2 Nxb2 41.axb5 axb5 42.Nxe4 b4 43.Kf1 Bh6
44.Nd5 Nd3 45.g3 Kf7 46.Ke2 Ke6 47.Nb6 Nb2 48.Nc5+ Kd6 49.Ne4+ Kc6 50.Nc8 c3
51.Ne7+ Kd7 52.Nf5 c2 53.Nc5+ Kc7 54.Nb3 c1=Q 55.Nxc1 Bxc1  0-1

[Event "Philadelphia World op"]
[Site "Philadelphia"]
[Date "1991.??.??"]
[Round "?"]
[White "Hjartarson, Johann"]
[Black "Goldin, Alexander"]
[Result "1-0"]
[WhiteElo "2550"]
[BlackElo "2570"]

1.e4 e5 2.Nf3 Nc6 3.d4 exd4 4.Nxd4 Bc5 5.Be3 Qf6 6.c3 Nge7 7.Bc4 O-O 8.O-O a6
9.Kh1 b5 10.Be2 Bb7 11.f4 d6 12.Bf3 Ng6 13.g3 Rfe8 14.Nc2 Bxe3 15.Nxe3 Qd8
16.Qc2 Nb8 17.Qg2 Nd7 18.Nd2 Nc5 19.h4 Nf8 20.h5 Nfd7 21.Nf5 g6 22.Nd4 Qe7
23.hxg6 hxg6 24.Rae1 Nd3 25.Re2 Nxb2 26.Qh3 Kg7 27.Qg4 Rh8+ 28.Kg1 Kf8 29.e5 Bxf3
30.Qxf3 Re8 31.exd6 Qd8 32.Nc6 Qc8 33.f5 g5 34.Ne7 Qa8 35.Qxa8 Rxa8 36.dxc7 Nb6
37.f6  1-0

[Event "Philadelphia World op"]
[Site "Philadelphia"]
[Date "1991.??.??"]
[Round "3"]
[White "Baker, Bruce"]
[Black "Goldin, Alexander"]
[Result "0-1"]
[WhiteElo "2250"]
[BlackElo "2570"]

1.e4 c5 2.Nf3 Nc6 3.Bb5 g6 4.O-O Bg7 5.Re1 e5 6.c3 Nge7 7.d4 cxd4 8.cxd4 exd4
9.e5 O-O 10.Bf4 a6 11.Bc4 d5 12.exd6 Nf5 13.Bd5 Nxd6 14.Bxc6 bxc6 15.Nxd4 Nc4
16.Be3 Nxe3 17.fxe3 c5 18.Qf3 Bd7 19.Nb3 Bxb2 20.N1d2 Bxa1 21.Rxa1 Bf5 22.Nc4 Qe7
23.Re1 Rad8 24.e4 Be6 25.Qc3 Rfe8 26.Nba5 Bxc4 27.Nxc4 Qd7 28.e5 Qd4+ 29.Qxd4 Rxd4
30.Rc1 f6 31.exf6 Kf7 32.Nb6 Kxf6 33.Rxc5 Rd2 34.Nd5+ Ke5 35.Nc7+ Kd6 36.Rc1 Ree2
37.Nxa6 Rxg2+ 38.Kh1 Rxh2+  0-1

[Event "Philadelphia World op"]
[Site "Philadelphia"]
[Date "1991.??.??"]
[Round "7"]
[White "Shabalov, Alexander"]
[Black "Goldin, Alexander"]
[Result "0-1"]
[WhiteElo "2535"]
[BlackElo "2570"]

1.e4 e5 2.Nf3 Nc6 3.Bb5 a6 4.Ba4 d6 5.c4 Bd7 6.Nc3 Nge7 7.d4 Nxd4 8.Nxd4 exd4
9.Bxd7+ Qxd7 10.Qxd4 Nc6 11.Qd2 Be7 12.Nd5 O-O 13.O-O Rae8 14.b3 Bd8 15.f3 f5
16.exf5 Qxf5 17.Bb2 Ne5 18.Rad1 c6 19.f4 Ng6 20.Qd4 Rf7 21.Ne3 Qe4 22.f5 Nh4
23.Bc1 Bg5 24.Qxe4 Rxe4 25.g3 Bxe3+ 26.Bxe3 Nxf5 27.Bf4 Rf6 28.Bg5 Rf7 29.Rf4 Re2
30.Rdf1 h6 31.Bd8 Re8 32.Bb6 Ref8 33.Rd1 h5 34.b4 Re8 35.Rdf1 Nh6 36.a4 Re2
37.b5 c5 38.bxa6 bxa6 39.a5 Rxf4 40.Rxf4 Nf7 41.Bc7 Re7 42.Bb6 g5 43.Rf1 Kg7
44.Rd1 Kf6 45.Kg2 Re2+ 46.Kg1 Ke6 47.Rb1 Ne5 48.Bd8 Nxc4 49.Rb7 Ne5 50.Rb6 c4
51.Bxg5 c3 52.Rb3 Nf3+ 53.Kf1 Rb2  0-1

[Event "Cappelle op"]
[Site "Cappelle la Grande"]
[Date "1992.??.??"]
[Round "1"]
[White "Estrada Nieto, Julian"]
[Black "Goldin, Alexander"]
[Result "0-1"]
[WhiteElo "2275"]
[BlackElo "2595"]

1.e4 c5 2.Nf3 Nc6 3.Bb5 g6 4.O-O Bg7 5.Re1 e5 6.Bxc6 dxc6 7.d3 Qe7 8.Nbd2 Nh6
9.Nc4 f6 10.a4 O-O 11.a5 Be6 12.b3 Nf7 13.Qe2 Rac8 14.Bb2 Qc7 15.c3 Nd6 16.Nxd6 Qxd6
17.Ba3 b5 18.axb6 axb6 19.d4 Bxb3 20.Qb2 Qe6 21.d5 Bxd5 22.exd5 cxd5 23.Rab1 e4
24.Nd2 f5 25.Nf1 f4 26.Qd2 e3 27.fxe3 fxe3 28.Qd1 e2 29.Ng3 Qe3+ 30.Kh1 Bxc3
31.Bc1 Bxe1 32.Bxe3 Rf1+  0-1

[Event "Cappelle op"]
[Site "Cappelle la Grande"]
[Date "1992.??.??"]
[Round "2"]
[White "Goldin, Alexander"]
[Black "Radulov, Ivan"]
[Result "1/2-1/2"]
[WhiteElo "2595"]
[BlackElo "2400"]

1.d4 d6 2.Nf3 Bg4 3.e4 Nd7 4.h3 Bh5 5.Be2 e5 6.dxe5 Bxf3 7.Bxf3 dxe5 8.O-O Ngf6
9.Nd2 Be7 10.Nc4 O-O 11.Be3 Re8 12.Na5 c6 13.Qd2 Qc7 14.Qc3 Rac8 15.a4 b6
16.Nb3 a5 17.Qc4 Nf8 18.Nc1 Ne6 19.Nd3 Rcd8 20.c3 h6 21.g3 Nd7 22.Bg4 Ndc5
23.Bxe6 Nxe6 24.Qa6 c5 25.Qc4 Rd7 26.f3 Red8 27.Rad1 Qc8 28.h4 Bf6 29.Rf2 Rd6
30.Rfd2 R6d7 31.b3 Nc7 32.Kg2 Ne8 33.Nb2 Nd6 34.Qe2 Qc6 35.Rd5 Nf5 36.Rxd7 Nxe3+
37.Qxe3 Rxd7 38.Rxd7 Qxd7 39.Qd3 Qxd3 40.Nxd3 Kf8 41.Nb2 Bd8 42.Nc4 Bc7 43.h5 Ke7
44.Ne3 Bd8 45.Nd5+ Kd6 46.Kf1 Kc6 47.Ne3 b5 48.axb5+ Kxb5 49.Ke2 a4 50.c4+ Kb4
51.bxa4 Bg5 52.f4 exf4 53.gxf4 Bd8 54.Nf5 Kxc4 55.Nd6+ Kb4 56.Nxf7 Bh4 57.Ne5 Kxa4
58.Nc4 Kb5 59.Kd3 Kc6 60.Ke3 Kb5 61.Nd6+ Kb4 62.e5  1/2-1/2

[Event "Cappelle op"]
[Site "Cappelle la Grande"]
[Date "1992.??.??"]
[Round "6"]
[White "Goldin, Alexander"]
[Black "Casagrande, Harald"]
[Result "1-0"]
[WhiteElo "2595"]
[BlackElo "2360"]

1.d4 g6 2.e4 Bg7 3.c3 d5 4.e5 h5 5.h3 Nh6 6.Nf3 Bf5 7.Bf4 Nd7 8.Qb3 Nf8 9.Qxb7 Ne6
10.Qc6+ Kf8 11.Bc1 Rb8 12.Be2 Bc2 13.b3 Nf5 14.Ng5 Nexd4 15.cxd4 Nxd4 16.Qc5 Bxe5
17.Bf4 Bf6 18.Na3 Kg7 19.Be3 Nxe2 20.Nxc2 Bxa1 21.Nxa1 d4 22.Kxe2 dxe3 23.Qe5+ f6
24.Ne6+ Kh7 25.Nxd8 fxe5 26.Ne6 exf2 27.Kxf2 Rb6 28.Ng5+ Kg7 29.Re1 Rf8+
30.Ke3 Rf5 31.Ne4 c6 32.Nc2 Ra6 33.Nb4 Ra5 34.a4 c5 35.Nxc5 e4 36.Nxe4 Rae5
37.Nc6  1-0

[Event "Cappelle op"]
[Site "Cappelle la Grande"]
[Date "1992.??.??"]
[Round "7"]
[White "Krasenkow, Michal"]
[Black "Goldin, Alexander"]
[Result "1/2-1/2"]
[WhiteElo "2495"]
[BlackElo "2595"]

1.Nf3 Nf6 2.c4 e6 3.g3 d5 4.d4 Bb4+ 5.Bd2 Be7 6.Bg2 O-O 7.O-O c6 8.Qb3 Nbd7
9.Bg5 h6 10.Bxf6 Bxf6 11.Nbd2 Qb6 12.e3 Qxb3 13.axb3 e5 14.cxd5 cxd5 15.dxe5 Nxe5
16.Nxe5 Bxe5 17.Bxd5 Rd8 18.e4 Bxb2 19.Ra2 Bd4 20.Rc1 Be6 21.Bxb7 Rab8 22.Bc6 Rdc8
23.Rac2 Bxb3  1/2-1/2

[Event "Cappelle op"]
[Site "Cappelle la Grande"]
[Date "1992.??.??"]
[Round "9"]
[White "Hodgson, Julian M"]
[Black "Goldin, Alexander"]
[Result "1-0"]
[WhiteElo "2545"]
[BlackElo "2595"]

1.Nf3 Nf6 2.g3 d5 3.Bg2 c6 4.d3 Bg4 5.Nbd2 Nbd7 6.h3 Bxf3 7.Nxf3 g6 8.O-O Bg7
9.Qe1 O-O 10.e4 dxe4 11.dxe4 Nc5 12.e5 Nd5 13.b4 Ne6 14.c4 Nb6 15.Qe4 Qd7
16.a4 f5 17.exf6 exf6 18.Qc2 f5 19.Ra2 Rad8 20.a5 Nc8 21.a6 b6 22.Bb2 c5
23.Ne5 Qd2 24.Qb1 Qd6 25.Nc6 Rd7 26.Bd5 Kh8 27.Re1 Nc7 28.bxc5 bxc5 29.Bg2 Ne6
30.Qa1 Nb6 31.Be5 Bxe5 32.Rxe5 Ng7 33.Bd5 Nxd5 34.cxd5 Qf6 35.Qc1 Qd6 36.Rb2 f4
37.g4 Ne8 38.Rb7 Nf6 39.Qxf4  1-0

[Event "Le Touquet op"]
[Site "Le Touquet"]
[Date "1992.??.??"]
[Round "?"]
[White "Goldin, Alexander"]
[Black "Lacrosse, Marc"]
[Result "1-0"]
[WhiteElo "2575"]
[BlackElo "2275"]

1.d4 d5 2.c4 e6 3.Nf3 Nf6 4.Nc3 c6 5.Bg5 Nbd7 6.e3 Qa5 7.Nd2 Bb4 8.Qc2 O-O
9.Be2 b6 10.O-O Bxc3 11.bxc3 Ba6 12.Bf4 c5 13.a4 cxd4 14.exd4 dxc4 15.Nxc4 Bxc4
16.Bxc4 Rac8 17.Qb3 e5 18.Be3 Rc7 19.Rac1 Ne4 20.Qb5 Qxb5 21.Bxb5 f6 22.Rfd1 Rfc8
23.f3 Nd6 24.Bxd7 Rxd7 25.dxe5 fxe5 26.Rd5 Rc6 27.Rcd1 Rxc3 28.Bd2 Rc4 29.Be1 Rd4
30.R1xd4 exd4 31.Bg3 Kf7 32.Rxd6 Rxd6 33.Bxd6 Ke6 34.Bf8 g6 35.Kf2 Kd5 36.Ke2 Kc4
37.g4 a6 38.f4 b5 39.axb5 axb5 40.Kd2 b4 41.Be7  1-0

[Event "Le Touquet op"]
[Site "Le Touquet"]
[Date "1992.??.??"]
[Round "?"]
[White "Arkell, Keith C"]
[Black "Goldin, Alexander"]
[Result "1/2-1/2"]
[WhiteElo "2460"]
[BlackElo "2575"]

1.d4 Nf6 2.Nf3 e6 3.c4 c5 4.d5 exd5 5.cxd5 d6 6.Nc3 g6 7.g3 Bg7 8.Bg2 O-O
9.O-O Re8 10.Nd2 Nbd7 11.Nc4 Nb6 12.Ne3 Ng4 13.Qb3 h5 14.a4 Nxe3 15.Bxe3 Nd7
16.Ne4 Ne5 17.Bg5 f6 18.Bf4 Nf7 19.h4 b6 20.Rfe1 Bg4  1/2-1/2

[Event "Le Touquet op"]
[Site "Le Touquet"]
[Date "1992.??.??"]
[Round "?"]
[White "Goldin, Alexander"]
[Black "Rausis, Igors"]
[Result "1-0"]
[WhiteElo "2575"]
[BlackElo "2490"]

1.Nf3 d5 2.c4 c6 3.d4 Nf6 4.Qc2 g6 5.Bf4 Bg7 6.e3 O-O 7.Nc3 Bf5 8.Qb3 Qb6
9.Be2 dxc4 10.Bxc4 Qxb3 11.Bxb3 Nbd7 12.h3 Nb6 13.O-O Nfd5 14.Bh2 Nxc3 15.bxc3 Rac8
16.Rfe1 Be4 17.Nd2 Bd3 18.Bd1 c5 19.Bf3 cxd4 20.cxd4 Ba6 21.Nb3 Nc4 22.Rac1 b6
23.Be2 Rfe8 24.Nd2 b5 25.Nb3 Bb7 26.Nc5 Bd5 27.a4 a6 28.Nxa6 e5 29.axb5 exd4
30.Nc7 dxe3 31.Bxc4 Bd4 32.fxe3 Rxe3 33.Kf1 Bxc4+ 34.Rxc4 Rd3 35.Re8+ Rxe8
36.Nxe8 Be3 37.Ke2 Rb3 38.Bc7 Bg1 39.Nd6 Bh2 40.Rc5 Kf8 41.Kd2  1-0

[Event "Moscow Tal mem"]
[Site "Moscow"]
[Date "1992.??.??"]
[Round "?"]
[White "Goldin, Alexander"]
[Black "Yakovich, Yuri"]
[Result "0-1"]
[WhiteElo "2575"]
[BlackElo "2520"]

1.c4 e5 2.Nc3 Nf6 3.Nf3 Nc6 4.e3 Bb4 5.Nd5 e4 6.Ng1 O-O 7.Qc2 Re8 8.a3 Bd6
9.Ne2 b5 10.Nxf6+ Qxf6 11.cxb5 Ne5 12.Ng3 Bb7 13.Be2 Qh4 14.Qa4 a6 15.f4 axb5
16.Qd4 Nf3+ 17.gxf3 exf3 18.Bxf3 Bxf3 19.O-O Qg4 20.b4 Be7 21.Qd3 Bf6 22.Ra2 h5
23.Qxb5 h4 24.Rxf3 Qxf3 25.Nf1 Re6 26.d3 Bb2 27.f5 Re5 28.Qc4 Rxf5  0-1

[Event "Moscow Tal mem"]
[Site "Moscow"]
[Date "1992.??.??"]
[Round "?"]
[White "Goldin, Alexander"]
[Black "Vyzmanavin, Alexey"]
[Result "1/2-1/2"]
[WhiteElo "2575"]
[BlackElo "2580"]

1.d4 f5 2.Nf3 Nf6 3.Bg5 e6 4.Nbd2 d5 5.e3 Be7 6.c4 O-O 7.Be2 Nc6 8.O-O a5
9.Rc1 Kh8 10.Qc2 Bd7 11.a3 Ne4 12.Bxe7 Qxe7 13.cxd5 exd5 14.Bb5 Rfc8 15.Qd3 Nd6
16.Bxc6 Bxc6 17.Rfe1 Ne8 18.Ne5 Ba4 19.Rc2 Rd8 20.Rec1 c6 21.Nf1  1/2-1/2

[Event "World op"]
[Site "Philadelphia"]
[Date "1992.??.??"]
[Round "1"]
[White "Morgan, Matthew"]
[Black "Goldin, Alexander"]
[Result "0-1"]
[WhiteElo "2295"]
[BlackElo "2595"]

1.e4 c5 2.Nf3 Nc6 3.d4 cxd4 4.Nxd4 Nf6 5.Nc3 d6 6.Bg5 Bd7 7.Qd2 Rc8 8.O-O-O Nxd4
9.Qxd4 Qa5 10.f4 h6 11.Bxf6 gxf6 12.Bc4 Qc5 13.Bb3 Qxd4 14.Rxd4 Rg8 15.g3 e6
16.f5 Rc5 17.Rf1 Be7 18.Rd3 Re5 19.Rdf3 b5 20.Rf4 h5 21.a4 bxa4 22.Bxa4 Bxa4
23.Nxa4 Kd7 24.b3 Ra5 25.Kd2 d5 26.fxe6+ fxe6 27.exd5 Rxd5+ 28.Ke2 Rc8 29.c4 Re5+
30.Kd3 Rb8 31.Rb1 f5 32.h3 Kc6 33.Rd4 Rg8 34.Rg1 Bg5 35.Rg2 Re3+ 36.Kc2 Bf6
37.Rd3 Rxd3 38.Kxd3 h4 39.g4 fxg4 40.hxg4 Rd8+ 41.Ke4 Rd4+ 42.Ke3 Rd1 43.Nb2 Re1+
44.Kf3 Bd4 45.Rd2 e5 46.g5 Rg1 47.Nd3 Rxg5 48.Rh2 Rg3+ 49.Ke2 h3 50.Rh1 e4
51.Nf4 Rxb3 52.Rxh3 Rxh3 53.Nxh3 a5 54.Ng5 a4 55.Nxe4 a3 56.Nd2 Kc5 57.Kd3 Kb4
58.Kc2 a2 59.Nb3 Kxc4 60.Nd2+ Kb4  0-1